2021 NFL Standings - Statistics

General Stats
  • This quiz has been taken 168 times
  • The average score is 21 of 32
Answer Stats
Rank (seed) Record NFL Team % Correct
AFC West Champ (2) 12-5 Kansas City Chiefs
99%
AFC East Champ (3) 11-6 Buffalo Bills
98%
AFC South Champ (1) 12-5 Tennessee Titans
98%
AFC North Champ (4) 10-7 Cincinnati Bengals
94%
AFC Wild Card (7) 9-7-1 Pittsburgh Steelers
86%
NFC North Champ (1) 13-4 Green Bay Packers
84%
AFC Wild Card (5) 10-7 Las Vegas Raiders
84%
NFC South Champ (2) 13-4 Tampa Bay Buccaneers
82%
NFC West Champ (4) 12-5 Los Angeles Rams
79%
AFC Wild Card (6) 10-7 New England Patriots
79%
NFC East Champ (3) 12-5 Dallas Cowboys
78%
NFC Wild Card (6) 10-7 San Francisco 49ers
73%
NFC Wild Card (7) 9-8 Philadelphia Eagles
71%
NFC Wild Card (5) 11-6 Arizona Cardinals
68%
AFC (16) Missed Playoffs 3-14 Jacksonville Jaguars
66%
AFC (8) Missed Playoffs 9-8 Indianapolis Colts
63%
AFC (10) Missed Playoffs 9-8 Los Angeles Chargers
63%
AFC (14) Missed Playoffs 4-13 New York Jets
63%
AFC (15) Missed Playoffs 4-13 Houston Texans
62%
AFC (12) Missed Playoffs 8-9 Baltimore Ravens
58%
AFC (9) Missed Playoffs 9-8 Miami Dolphins
58%
AFC (11) Missed Playoffs 8-9 Cleveland Browns
56%
NFC (16) Missed Playoffs 3-13-1 Detroit Lions
56%
AFC (13) Missed Playoffs 7-10 Denver Broncos
55%
NFC (15) Missed Playoffs 4-13 New York Giants
51%
NFC (9) Missed Playoffs 8-9 Minnesota Vikings
48%
NFC (8) Missed Playoffs 9-8 New Orleans Saints
48%
NFC (10) Missed Playoffs 7-10 Washington Football Team
46%
NFC (14) Missed Playoffs 5-12 Carolina Panthers
45%
NFC (11) Missed Playoffs 7-10 Seattle Seahawks
44%
NFC (13) Missed Playoffs 6-11 Chicago Bears
43%
NFC (12) Missed Playoffs 7-10 Atlanta Falcons
42%
No matching quizzes found
Score Distribution
Percent of People with Each Score
Percentile by Number Answered
Your Score History
You have not taken this quiz